Sports Quiz

Random Sports or Football Quiz

American Football Scoring Quiz Stats

 Plays Quiz Updated Jan 26, 2012

     
Support Sporcle.
Go Orange.
Score 0/5 Timer 01:00
2 Plays Today
% Correct
Touchdown
99.7%
Field Goal
98%
Safety
93.3%
Extra Point
84.7%
Two-Point Conversion
65.5%

From the Vault

Poster Portions (2016)

by Sheldon

Movies 8m
It's all about portion control--something we should probably have to learn again with food. And movies.
Remove Ads.
Support Sporcle.
Get the best of Sporcle when you Go Orange. This ad-free experience offers more features, more stats, and more fun while also helping to support Sporcle. Thank you for becoming a member.

Show Comments

Extras

Top Quizzes Today


Score Distribution

Your Account Isn't Verified!

In order to create a playlist on Sporcle, you need to verify the email address you used during registration. Go to your Sporcle Settings to finish the process.

Report this User

Report this user for behavior that violates our Community Guidelines.

Details: